| 000 | 00703nam a2200229Ia 4500 | ||
|---|---|---|---|
| 003 | OSt | ||
| 005 | 20230516113231.0 | ||
| 008 | 210423s2008 xx 000 0 und d | ||
| 020 | _a978-019-569814-2 | ||
| 040 | _cAL | ||
| 041 | _aeng | ||
| 082 | _a338.185 RASF | ||
| 100 |
_aRASHID (Shahidur);GULATI (ASHOK);CUMMINGS (Ralph) _9105059 |
||
| 245 | _aFrom parastatals of private trade: lessons from Asian agriculture | ||
| 260 |
_aNew Delhi _bOxford University Press _c2008 |
||
| 300 |
_axx,253 _bHB |
||
| 365 |
_b645 _cINR |
||
| 650 |
_aEconomics _9105060 |
||
| 650 |
_aProduction Economics _9105061 |
||
| 906 | _aagriculture ; Asian ; lessons ; parastatals ; private ; trade: | ||
| 942 |
_2ddc _cBK |
||
| 999 |
_c166301 _d166301 |
||